Missing Vowels: Alcoholic Drinks - Statistics

General Stats
  • This quiz has been taken 146 times
  • The average score is 15 of 20
Answer Stats
Hint Answer % Correct
chmpgn Champagne
98%
vdk Vodka
98%
jckdnls Jack Daniels
96%
tql Tequila
93%
gnnss Guinness
90%
bcrd Bacardi
89%
bdwsr Budweiser
89%
hnkn Heineken
87%
jhnsmths John Smith's
83%
prt Port
79%
jgrmstr Jagermeister
78%
whtwn White Wine
72%
sthrncmfrt Southern Comfort
70%
rdwn Red Wine
69%
sngr Sangria
68%
mlb Malibu
62%
pplschnpps Apple Schnapps
60%
sk Sake
56%
cntr Cointreau
50%
prcdr Pear Cider
15%
No matching quizzes found
Score Distribution
Percent of People with Each Score
Percentile by Number Answered
Your Score History
You have not taken this quiz